000 00369nam a22001337a 4500
008 260530b |||||||| |||| 00| 0 eng d
020 _a9789381275320
082 _a001950
100 _aNagasampige, A V
245 _aSadacarasmrthi of Sri Anandatirtha Bhagavatpadacharya
260 _aBangalore
_bPoorna Prajna Samshodhan Trust
_c2018
300 _a1064p
942 _2ddc
999 _c1476
_d1476